[Event "Buenos Aires CC Moreno op"]
[Site "Buenos Aires"]
[Date "2019.06.22"]
[Round "3.9"]
[White "Fiorito, Joaquin"]
[Black "Chiarot, Cesar"]
[Result "0-1"]
[WhiteElo "1826"]
[BlackElo "2240"]
[PlyCount "58"]
[EventDate "2019.06.20"]
[EventType "swiss"]
[EventRounds "7"]
[EventCountry "ARG"]
[SourceTitle "EXT 2022"]
[Source "ChessBase"]
[SourceDate "2021.10.06"]
[SourceVersion "1"]
[SourceVersionDate "2021.10.06"]
[SourceQuality "1"]

1. d4 Nf6 2. Nf3 g6 3. Bf4 Bg7 4. e3 d6 5. h3 0-0 6. Be2 Nc6 7. 0-0 e5 8. Bh2 Nd7 9. c3 f5 10. Nbd2 Qe7 11. Bb5 a6 12. Be2 g5 13. Ne1 f4 14. d5 Nd8 15. exf4 gxf4 16. Bg4 Nf6 17. Bxc8 Rxc8 18. c4 c6 19. dxc6 Rxc6 20. Nd3 Ne6 21. Re1 Qf7 22. Nb4 Rcc8 23. Nd5 Nxd5 24. cxd5 Nd4 25. Ne4 Qxd5 26. Qh5 f3 27. Qg4 Rc2 28. g3 Ne2+ 29. Kh1 Rc4 0-1

[Event "Buenos Aires La Porta Cup"]
[Site "Buenos Aires"]
[Date "2019.03.26"]
[Round "6"]
[White "Chiarot, Cesar"]
[Black "Tristan, Leonardo"]
[Result "1-0"]
[WhiteElo "2233"]
[BlackElo "2504"]
[PlyCount "179"]
[EventDate "2019.03.20"]
[EventType "swiss"]
[EventRounds "9"]
[EventCountry "ARG"]
[SourceTitle "CBM 189 Extra"]
[Source "ChessBase"]
[SourceDate "2019.06.03"]
[SourceVersion "1"]
[SourceVersionDate "2019.06.03"]
[SourceQuality "1"]

1. e4 d5 2. exd5 Qxd5 3. Nc3 Qa5 4. d4 Nf6 5. Nf3 Bf5 6. Ne5 c6 7. Bc4 e6 8. 0-0 Nbd7 9. Re1 Nxe5 10. dxe5 Ng4 11. Qe2 Bc5 12. Nd1 0-0-0 13. c3 Bb6 14. Bf4 Qc5 15. b4 Qe7 16. Ne3 Qh4 17. Bg3 Qg5 18. Nxf5 Qxf5 19. Rad1 h5 20. h3 Nh6 21. a4 Qg5 22. Qf3 h4 23. Bf4 Qg6 24. a5 Bc7 25. a6 Qc2 26. axb7+ Kb8 27. Rc1 Qf5 28. Rcd1 Rxd1 29. Rxd1 g5 30. Be3 Qxf3 31. gxf3 Kxb7 32. Bxg5 Rg8 33. f4 Nf5 34. Kf1 Bxe5 35. Rd7+ Kb8 36. fxe5 Rxg5 37. Rxf7 Ng7 38. Ba6 Nh5 39. Rb7+ Ka8 40. Rh7 Kb8 41. Rb7+ Ka8 42. Rc7 Rg8 43. Rxc6 Nf4 44. Rc4 Rf8 45. Rc8+ Rxc8 46. Bxc8 Kb8 47. Bd7 Kc7 48. Ba4 Nxh3 49. Bc2 Ng5 50. Kg2 h3+ 51. Kg3 h2 52. Kxh2 Nf3+ 53. Kg3 Nxe5 54. Kf4 Kd6 55. Ke4 Ng4 56. Kf3 Ne5+ 57. Ke3 Ng4+ 58. Ke2 Ke5 59. Bb3 Nf6 60. f3 Nh5 61. Kd3 Nf4+ 62. Kc4 Nd5 63. b5 Kd6 64. Kd4 e5+ 65. Kc4 Ne3+ 66. Kb4 Nf1 67. c4 Ne3 68. c5+ Kc7 69. Ka5 Nf5 70. Ka6 Nd4 71. Bd5 Kb8 72. c6 Kc7 73. Be4 Kd6 74. Bd5 Kc7 75. Bc4 Nxf3 76. Kxa7 Nd4 77. b6+ Kxc6 78. b7 Kc5 79. Be6 Nc6+ 80. Ka8 Kd6 81. Bc4 Kc7 82. Bd3 Nb8 83. Bb5 e4 84. Ka7 e3 85. Ka8 e2 86. Bxe2 Nd7 87. Bg4 Nb8 88. Bf5 Nc6 89. Bd3 Kb6 90. Be4 1-0

[Event "Buenos Aires La Porta Cup"]
[Site "Buenos Aires"]
[Date "2019.03.25"]
[Round "5"]
[White "Miranda, Rafael"]
[Black "Chiarot, Cesar"]
[Result "1/2-1/2"]
[WhiteElo "2295"]
[BlackElo "2233"]
[PlyCount "92"]
[EventDate "2019.03.20"]
[EventType "swiss"]
[EventRounds "9"]
[EventCountry "ARG"]
[SourceTitle "CBM 189 Extra"]
[Source "ChessBase"]
[SourceDate "2019.06.03"]
[SourceVersion "1"]
[SourceVersionDate "2019.06.03"]
[SourceQuality "1"]

1. e4 c5 2. Nf3 d6 3. d4 cxd4 4. Nxd4 Nf6 5. Nc3 a6 6. h3 h5 7. g3 e6 8. Bg2 Be7 9. 0-0 Nbd7 10. a4 Qc7 11. a5 Rb8 12. Re1 b5 13. axb6 Rxb6 14. Nb3 Ne5 15. Qe2 Nfd7 16. f4 Ng6 17. Nd4 Bf6 18. Qf2 Rb4 19. Rd1 Nc5 20. e5 dxe5 21. Nc6 Rc4 22. Qe2 Rxc3 23. bxc3 exf4 24. Qc4 Nd7 25. Bxf4 Nxf4 26. Qxf4 Qxf4 27. gxf4 0-0 28. Na7 Nb6 29. Nxc8 Rxc8 30. Rxa6 Nd5 31. Bxd5 exd5 32. Rd3 Rc4 33. Ra8+ Kh7 34. Ra5 d4 35. cxd4 Bxd4+ 36. Kf1 Bf6 37. Rd2 Rxf4+ 38. Rf2 Rh4 39. Rff5 Kg6 40. Kg2 Rc4 41. Rac5 Rd4 42. Rfd5 Re4 43. Rxh5 Re2+ 44. Kf3 Rxc2 45. Rxc2 Kxh5 46. Kf4 Bg5+ 1/2-1/2

[Event "Buenos Aires Szmetan Giardelli op"]
[Site "Buenos Aires"]
[Date "2018.12.07"]
[Round "4"]
[White "Spotorno, Julian"]
[Black "Chiarot, Cesar"]
[Result "1/2-1/2"]
[WhiteElo "1937"]
[BlackElo "2251"]
[PlyCount "119"]
[EventDate "2018.12.04"]
[EventType "swiss"]
[EventRounds "9"]
[EventCountry "ARG"]
[SourceTitle "CBM 187 Extra"]
[Source "ChessBase"]
[SourceDate "2018.11.04"]
[SourceVersion "1"]
[SourceVersionDate "2018.11.04"]
[SourceQuality "1"]

1. d4 d5 2. c4 dxc4 3. Nf3 Nf6 4. e3 c5 5. Bxc4 cxd4 6. 0-0 e6 7. exd4 Be7 8. Nc3 0-0 9. Qe2 a6 10. Rd1 b5 11. Bb3 Bb7 12. Bg5 b4 13. Bxf6 Bxf6 14. Ne4 Be7 15. Ne5 Bd5 16. Bc2 Nd7 17. Qh5 f5 18. Nxd7 Qxd7 19. Ng5 Bxg5 20. Qxg5 Rf6 21. Qd2 a5 22. Bd3 Qb7 23. Bf1 Rg6 24. g3 h5 25. a3 b3 26. Rac1 h4 27. Rc3 Rf8 28. f4 hxg3 29. Rxg3 Rxg3+ 30. hxg3 Qb6 31. Qc3 Ra8 32. Rc1 Qd8 33. Qc7 Qf6 34. Qe5 Qg6 35. Kf2 Qh5 36. Rc3 Qh2+ 37. Ke1 Qg1 38. Qe3 Qxe3+ 39. Rxe3 Rc8 40. Bd3 Kf7 41. Kd2 Kf6 42. Re1 Rh8 43. Kc3 Rh2 44. Re2 Rh1 45. Kd2 Rg1 46. Re3 g5 47. Be2 Rb1 48. Bd1 a4 49. Re2 Rxb2+ 50. Kc1 Rxe2 51. Bxe2 gxf4 52. gxf4 Bc6 53. Kb2 Ke7 54. Kc3 Kd6 55. Bc4 Bd7 56. Be2 Kc6 57. Bc4 Kb6 58. Kb2 Kc6 59. Kc3 Kd6 60. Be2 1/2-1/2

[Event "Buenos Aires Szmetan Giardelli op"]
[Site "Buenos Aires"]
[Date "2018.12.06"]
[Round "3"]
[White "Chiarot, Cesar"]
[Black "Villca, Julian"]
[Result "0-1"]
[WhiteElo "2251"]
[BlackElo "2335"]
[PlyCount "126"]
[EventDate "2018.12.04"]
[EventType "swiss"]
[EventRounds "9"]
[EventCountry "ARG"]
[SourceTitle "CBM 187 Extra"]
[Source "ChessBase"]
[SourceDate "2018.11.04"]
[SourceVersion "1"]
[SourceVersionDate "2018.11.04"]
[SourceQuality "1"]

1. e4 e5 2. Nf3 Nc6 3. Bb5 a6 4. Bxc6 dxc6 5. d3 Bd6 6. Nbd2 Be6 7. Qe2 Ne7 8. Ng5 Qd7 9. Nxe6 Qxe6 10. Nc4 0-0 11. Bd2 f5 12. Bc3 b5 13. exf5 Nxf5 14. Nxd6 cxd6 15. 0-0 Rae8 16. a4 c5 17. axb5 axb5 18. b3 Ne7 19. Ra6 b4 20. Bd2 Nf5 21. f3 Nd4 22. Qd1 Rf6 23. Be3 Qc8 24. Ra7 Nb5 25. Ra5 Nc3 26. Qd2 Rg6 27. Bf2 Qb7 28. Bg3 Nb5 29. Qe3 Nd4 30. Ra2 Nf5 31. Qe4 Qxe4 32. dxe4 Nxg3 33. hxg3 Rxg3 34. Rd1 Rg6 35. Ra6 Ree6 36. Ra7 Rgf6 37. Rd7 h5 38. Kf2 Rg6 39. Ra1 Rg5 40. Ra8+ Kh7 41. Rdd8 Rf6 42. Rh8+ Kg6 43. Rad8 Rg4 44. Rd7 Rxe4 45. Rg8 Rd4 46. Rdxg7+ Kf5 47. Rg5+ Ke6 48. Ke2 h4 49. Rh5 c4 50. Rg4 Rxg4 51. fxg4 Rf4 52. Rxh4 c3 53. g3 Rd4 54. g5 Rd2+ 55. Ke3 Kf5 56. Rxb4 d5 57. g4+ Kxg5 58. Rb8 Kxg4 59. b4 d4+ 60. Ke4 Rxc2 61. Rg8+ Kh3 62. Kxe5 d3 63. Kf4 d2 0-1

[Event "Buenos Aires 111 Years Cup Buho 21th"]
[Site "Buenos Aires"]
[Date "2016.05.25"]
[Round "5.1"]
[White "Chiarot, Cesar"]
[Black "Dolezal, Cristian"]
[Result "0-1"]
[WhiteElo "2225"]
[BlackElo "2447"]
[PlyCount "78"]
[EventDate "2016.05.21"]
[EventType "tourn"]
[EventRounds "9"]
[EventCountry "ARG"]
[SourceTitle "EXT 2024"]
[Source "ChessBase"]
[SourceDate "2023.10.10"]
[SourceVersion "1"]
[SourceVersionDate "2023.10.10"]
[SourceQuality "1"]

1. e4 g6 2. d4 Bg7 3. Be3 c6 4. Nc3 d5 5. f3 Qb6 6. Na4 Qa5+ 7. c3 Nd7 8. b4 Qd8 9. exd5 cxd5 10. Qb3 Ngf6 11. Bb5 0-0 12. Ne2 Nb6 13. Nc5 Ne8 14. Bf4 a6 15. Bd3 Nd6 16. Bxd6 exd6 17. Na4 Nc4 18. 0-0 b5 19. Nb2 Nd2 20. Qxd5 Be6 21. Qc6 Nxf1 22. Kxf1 Qb8 23. a4 d5 24. axb5 Rc8 25. Qxa8 Qxa8 26. bxa6 Bd7 27. Na4 Bxa4 28. Rxa4 Bf8 29. b5 Bd6 30. Ke1 Bc7 31. c4 dxc4 32. Be4 Qa7 33. Bb7 Rb8 34. Bc6 Bb6 35. Rxc4 Qe7 36. Kd2 Rd8 37. Kd3 Qa3+ 38. Nc3 Qb3 39. Ra4 Qxa4 0-1

[Event "Buenos Aires Grafica Yael"]
[Site "Buenos Aires"]
[Date "2015.07.21"]
[Round "7"]
[White "Tokman, Ariel"]
[Black "Chiarot, Cesar"]
[Result "0-1"]
[WhiteElo "2324"]
[BlackElo "2193"]
[PlyCount "56"]
[EventDate "2015.07.16"]
[EventType "tourn"]
[EventRounds "9"]
[EventCountry "ARG"]
[EventCategory "2"]
[SourceTitle "EXT 2016"]
[Source "ChessBase"]
[SourceDate "2015.10.08"]
[SourceVersion "1"]
[SourceVersionDate "2015.10.08"]
[SourceQuality "1"]

1. c4 c6 2. Nf3 d5 3. e3 Nf6 4. d4 a6 5. Nc3 b5 6. c5 a5 7. Ne5 Nfd7 8. Nxd5 Nxe5 9. Nb6 Ra7 10. dxe5 e6 11. a4 Bxc5 12. Qxd8+ Kxd8 13. Nxc8 Kxc8 14. axb5 Bb4+ 15. Bd2 Bxd2+ 16. Kxd2 Rd8+ 17. Bd3 Rad7 18. Ra3 cxb5 19. Ke2 b4 20. Rc1+ Kb7 21. Rxa5 Rxd3 22. Rb5+ Ka7 23. Rxb4 Na6 24. Ra1 Rd2+ 25. Kf3 Rc2 26. Rba4 Rc6 27. b4 Rb8 28. Kg3 Rb5 0-1

[Event "Buenos Aires Grafica Yael"]
[Site "Buenos Aires"]
[Date "2015.07.19"]
[Round "5"]
[White "Chiarot, Cesar"]
[Black "Liascovich, Lucas Agustin"]
[Result "1-0"]
[WhiteElo "2193"]
[BlackElo "2484"]
[PlyCount "57"]
[EventDate "2015.07.16"]
[EventType "tourn"]
[EventRounds "9"]
[EventCountry "ARG"]
[EventCategory "2"]
[SourceTitle "EXT 2016"]
[Source "ChessBase"]
[SourceDate "2015.10.08"]
[SourceVersion "1"]
[SourceVersionDate "2015.10.08"]
[SourceQuality "1"]

1. e4 c5 2. Nf3 Nc6 3. d4 cxd4 4. Nxd4 Nf6 5. Nc3 e6 6. Ndb5 Bc5 7. Nd6+ Ke7 8. Nxc8+ Rxc8 9. Bd3 Qc7 10. 0-0 Rhg8 11. Kh1 g5 12. f4 gxf4 13. Bxf4 Ne5 14. Qd2 d6 15. Na4 Nfd7 16. Bb5 f6 17. Rad1 Nf7 18. b4 Bb6 19. c4 Nde5 20. Bxe5 Nxe5 21. c5 dxc5 22. Qh6 Rgf8 23. g4 Rf7 24. g5 f5 25. exf5 exf5 26. Nc3 Rd8 27. Nd5+ Rxd5 28. Rxd5 a6 29. Re1 1-0